| 000 | 00411pab a2200169 454500 | ||
|---|---|---|---|
| 008 | 180718b2008 xxu||||| |||| 00| 0 eng d | ||
| 100 | _aooja, MeenakshiT | ||
| 245 | _aCriteria for identification of tribal groups in today's IndiaH | ||
| 260 | _c2008 | ||
| 300 | _a.38-43.N | ||
| 362 | _aJan-Jun | ||
| 650 | _aTribes - Indiap | ||
| 650 | _aribes | ||
| 773 | _aPrashasnika | ||
| 908 | _a | ||
| 909 | _a86939 | ||
| 999 |
_c86939 _d86939 |
||